| 000 | 00663cam a22002293a 4500 | ||
|---|---|---|---|
| 001 | 31117 | ||
| 003 | PGUSA | ||
| 005 | 20140828083655.0 | ||
| 008 | 100129s2010||||xxu|||||s|||||000 | eng d | ||
| 040 |
_aPGUSA _beng |
||
| 042 | _adc | ||
| 050 | 4 | _aPQ | |
| 100 | 1 |
_aPitou, Louis Ange, _d1767-1846 |
|
| 245 | 1 | 0 |
_aLe chanteur parisien : _bRecueil des chansons de L.A. Pitou _h[electronic resource] / _cLouis Ange Pitou |
| 260 |
_bProject Gutenberg, _c2010 |
||
| 506 | _aPublic domain in the USA. | ||
| 516 | _aElectronic text | ||
| 653 | _aSongs, French | ||
| 830 | 0 |
_aProject Gutenberg _v31117 |
|
| 856 | 4 | 0 | _uhttp://www.gutenberg.org/ebooks/31117 |
| 942 | _cEB | ||
| 999 |
_c260372 _d260372 |
||